Struktur dan fungsi tumbuhan vaskular

Bibliographic Details
Main Author: Umi Kalsom Yusuf
Format: Book
Published: Bangi : Penerbit Universiti Putra Malaysia , 2002
Subjects:

MARC

LEADER 00000cam a2200000 7i4500
001 0000003222
005 20050322.0
020 0 0 |a 9832373751 
090 0 0 |a 580   |b UMI 
100 0 0 |a Umi Kalsom Yusuf 
245 0 0 |a Struktur dan fungsi tumbuhan vaskular   |c Umi Kalsom Yusuf 
260 0 0 |a Bangi :   |b Penerbit Universiti Putra Malaysia ,   |c 2002 
300 |a 99ms. :   |b il. wrn. ;   |c 25cm. 
650 0 0 |a Botany   |x Anatomy 
650 0 0 |a Vascular system of plants 
999 |a 0000006130   |b Monograph   |c Open Shelf   |e Default branch